00467nam a2200157Ia 4500008004100000020001400041082001600055100003300071245006800104250000800172260003900180300002900219500001900248600002700267650001500294240925s9999 xx 000 0 und d a582274567 a621.402 EAS aEastop , T.D ; Mc Conkey, A. 0aApplied Thermodynamics: for engineering technologists S.I units a5th aLondon:bEIBS With Longmenc,1963. axviii,702p.bNAfPirated aIncludes Index aEngineering Technology aTechnology